[Event "12. Longericher Sommer-Open B"]
[Site "Köln"]
[Date "2015.08.02"]
[Round "4.17"]
[White "Zimmer, Elmar"]
[Black "Jakob, Gudrun"]
[Result "1-0"]
[WhiteElo "1537"]
[BlackElo "1095"]
[PlyCount "39"]
[EventDate "2015.??.??"]
[WhiteTeam "SC Kettig"]
[BlackTeam "Klub Kölner SF"]

1. c4 Nf6 2. Nc3 e5 3. g3 Nc6 4. Bg2 Bb4 5. e3 d6 6. Nge2 O-O 7. O-O Bg4 8. Qb3
a5 9. Re1 Re8 10. a3 Bxc3 11. bxc3 Rb8 12. d4 e4 13. Qd1 h6 14. h3 Bd7 15. Nf4
Nh7 16. Rf1 f5 17. f3 Ng5 18. fxe4 fxe4 19. Qh5 Nh7 20. Qd5+ 1-0

[Event "12. Longericher Sommer-Open B"]
[Site "Köln"]
[Date "2015.08.02"]
[Round "4.18"]
[White "Toval, David"]
[Black "Baltic, Sara"]
[Result "1-0"]
[WhiteElo "1377"]
[BlackElo "1005"]
[PlyCount "41"]
[EventDate "2015.??.??"]
[WhiteTeam "SK Münster"]
[BlackTeam "SG Porz"]

1. e4 e6 2. d4 d5 3. Nd2 c5 4. c3 Nc6 5. Ngf3 Be7 6. a3 Qb6 7. exd5 exd5 8. Nb3
Be6 9. dxc5 Bxc5 10. Nxc5 Qxc5 11. Be3 Qd6 12. Bd3 Nf6 13. O-O O-O 14. b4 b6
15. c4 Rfd8 16. c5 bxc5 17. Bxc5 Qc7 18. Rc1 Ne4 19. Bd4 Bf5 20. b5 Rd6 21. Be5
1-0

[Event "12. Longericher Sommer-Open B"]
[Site "Köln"]
[Date "2015.08.02"]
[Round "4.19"]
[White "Nanu, Andreas-Christian"]
[Black "Hoferichter, Michael"]
[Result "0-1"]
[WhiteElo "1125"]
[BlackElo "1372"]
[PlyCount "98"]
[EventDate "2015.??.??"]
[WhiteTeam "SG Porz"]
[BlackTeam "Klub Kölner SF"]

1. d4 Nf6 2. c4 g6 3. Nc3 d5 4. e3 Bg7 5. Nf3 O-O 6. Bd3 b6 7. cxd5 Nxd5 8. Be4
e6 9. O-O Bb7 10. Qc2 c6 11. b3 Nd7 12. Ba3 Re8 13. b4 f5 14. Bxd5 exd5 15. b5
c5 16. Rab1 Rc8 17. dxc5 Nxc5 18. Na4 Ne4 19. Qd1 Rc7 20. Nd4 Bxd4 21. exd4 Qg5
22. Re1 Kf7 23. f3 Nd2 24. Bc1 Nxf3+ 25. Kf1 Rxe1+ 26. Qxe1 Nxh2+ 27. Kf2 Rc2+
28. Qe2 Rxe2+ 29. Kxe2 Qxg2+ 30. Kd3 Qe4+ 31. Kd2 Qxb1 32. Nc3 Nf1+ 33. Kd1
Qd3+ 34. Ke1 Qxc3+ 35. Kxf1 Qxc1+ 36. Kf2 a6 37. a4 axb5 38. axb5 Qb2+ 39. Ke3
Qxb5 40. Kf4 Kf6 41. Ke3 Qc6 42. Kd3 b5 43. Ke3 b4 44. Kd3 b3 45. Ke3 b2 46.
Kd2 b1=Q 47. Ke2 Qc3 48. Kf2 Qa2+ 49. Kf1 Qc1# 0-1

[Event "12. Longericher Sommer-Open B"]
[Site "Köln"]
[Date "2015.08.02"]
[Round "4.20"]
[White "Köllner, Felicitas Ophelia"]
[Black "Mag, Martina"]
[Result "0-1"]
[WhiteElo "1337"]
[BlackElo "1051"]
[Annotator "Schlösser,Fritz"]
[PlyCount "75"]
[EventDate "2015.??.??"]
[WhiteTeam "SV Bergneustadt/Derschlag"]
[BlackTeam "Ford SF Köln"]

1. d4 d5 2. Nf3 Nf6 3. e3 e6 4. Bd3 c5 5. c3 Bd6 6. O-O c4 7. Bc2 O-O 8. Nbd2
Bd7 9. e4 Be7 10. exd5 exd5 11. Ne5 Nc6 12. Nxd7 Qxd7 13. Re1 Rfe8 14. b3 b5
15. bxc4 bxc4 16. Ba4 Bd6 17. Bb2 Rxe1+ 18. Qxe1 Re8 19. Qd1 Qc7 20. h3 Re7 21.
Nf3 Nd8 22. Bc2 Ne6 23. Qc1 Nf4 24. Kf1 Re2 25. g3 Nd3 26. Bxd3 cxd3 27. Ng1 d2
28. Qc2 d1=Q+ 29. Qxd1 Rxb2 30. Ne2 Ne4 31. Qc1 Rd2 32. f3 Nxg3+ 33. Nxg3 Qc4+
34. Kg1 Rd3 35. Nf1 Qc8 36. Qc2 Rxf3 37. Qg2 Qxc3 38. Rc1 {
ZeitÃ1/4berschreitung} 0-1

[Event "12. Longericher Sommer-Open B"]
[Site "Köln"]
[Date "2015.08.02"]
[Round "4.22"]
[White "Hirsch, Reinhard"]
[Black "Mohammadi Nia, Borna"]
[Result "0-1"]
[WhiteElo "995"]
[BlackElo "1190"]
[PlyCount "94"]
[EventDate "2015.??.??"]
[WhiteTeam "SK Köln-Worringen"]
[BlackTeam "DJK Aufwärts Aachen"]

1. e4 e6 2. d4 d5 3. exd5 exd5 4. Nf3 Bd6 5. Bb5+ c6 6. Ba4 Ne7 7. O-O O-O 8.
c3 Bf5 9. Nbd2 Nd7 10. Nh4 Bd3 11. Re1 Re8 12. Nf1 Bc4 13. Bc2 Nf6 14. Bg5 Ng6
15. Rxe8+ Qxe8 16. Bxf6 gxf6 17. Nf5 Bf8 18. N1g3 Qe6 19. Qd2 Re8 20. h3 Kh8
21. Nh5 Qe2 22. Qxe2 Rxe2 23. Ne3 Bh6 24. b3 Bxe3 25. fxe3 Rxc2 26. bxc4 dxc4
27. a4 Rxc3 28. Kf2 Rc2+ 29. Kf3 c3 30. Ra3 Rc1 31. Ke2 Nh4 32. Nf4 Nf5 33. Nd3
Rc2+ 34. Kf3 Nh4+ 35. Kg3 Nxg2 36. Kf3 Kg7 37. Nb4 Rb2 38. Nd3 c2 39. Rc3 c1=Q
40. Rxc1 Rd2 41. Nf2 Nh4+ 42. Kg3 Nf5+ 43. Kf3 Ra2 44. Rc4 Ra3 45. Ng4 h5 46.
Nf2 Nxe3 47. Kf4 Nxc4 0-1

[Event "12. Longericher Sommer-Open B"]
[Site "Köln"]
[Date "2015.08.02"]
[Round "4.26"]
[White "Yu, Moyi"]
[Black "Kissmer, Werner"]
[Result "0-1"]
[WhiteElo "1015"]
[BlackElo "1159"]
[PlyCount "52"]
[EventDate "2015.??.??"]
[WhiteTeam "Klub Kölner SF"]
[BlackTeam "SV Turm Sankt Augustin"]

1. d4 Nf6 2. c4 g6 3. Nc3 Bg7 4. Bg5 O-O 5. Bxf6 Bxf6 6. e3 d6 7. Be2 c6 8. Nf3
Bg4 9. O-O Bxf3 10. Bxf3 Nd7 11. Qd3 Rb8 12. a4 e5 13. d5 Nc5 14. Qc2 Qc7 15.
Ne4 Nxe4 16. Bxe4 c5 17. f4 exf4 18. Rxf4 Be5 19. Rh4 f5 20. Bd3 Rf6 21. Re1
Rbf8 22. Rf1 Qf7 23. Rf3 h5 24. e4 fxe4 25. Rxf6 Qxf6 26. Rxe4 Bd4+ 0-1

[Event "12. Longericher Sommer-Open B"]
[Site "Köln"]
[Date "2015.08.02"]
[Round "4.27"]
[White "Reiter, Ute"]
[Black "Molitor, Simon"]
[Result "1-0"]
[WhiteElo "1057"]
[BlackElo "882"]
[PlyCount "71"]
[EventDate "2015.??.??"]
[WhiteTeam "Brühler SK"]
[BlackTeam "SF Esch"]

1. e4 c5 2. Nf3 Nc6 3. Be2 Nf6 4. Nc3 e6 5. O-O d5 6. exd5 exd5 7. Re1 Be6 8.
Ng5 Bd6 9. Nxe6 fxe6 10. b3 O-O 11. Bb2 Qc7 12. g3 a6 13. Bg4 e5 14. Be6+ Kh8
15. Bxd5 Nxd5 16. Nxd5 Qf7 17. Ne3 Qxf2+ 18. Kh1 Nd4 19. Bxd4 cxd4 20. Rf1 dxe3
21. Rxf2 exf2 22. Qf1 Bc5 23. Rd1 Rf7 24. c3 Re8 25. d3 Ba3 26. b4 Bb2 27. c4
e4 28. dxe4 h6 29. Rd2 Bc3 30. Rxf2 Rxf2 31. Qxf2 Rxe4 32. Qf8+ Kh7 33. Qf5+ g6
34. Qxe4 Bxb4 35. Qxb7+ Kg8 36. Qxb4 1-0

[Event "12. Longericher Sommer-Open B"]
[Site "Köln"]
[Date "2015.08.02"]
[Round "5.2"]
[White "Siepen, Ralf"]
[Black "Havenith, Michael"]
[Result "1/2-1/2"]
[WhiteElo "1430"]
[BlackElo "1646"]
[PlyCount "35"]
[EventDate "2015.??.??"]
[WhiteTeam "SC Bayer Uerdingen"]
[BlackTeam "SV Würselen"]

1. Nf3 Nf6 2. c4 g6 3. Nc3 Bg7 4. g3 Nc6 5. Bg2 e5 6. d3 d6 7. O-O O-O 8. Rb1
a5 9. a3 Be6 10. Ng5 Bd7 11. e4 Nd4 12. Ne2 Nxe2+ 13. Qxe2 Qc8 14. Nf3 Bh3 15.
Ne1 Nh5 16. f3 c6 17. Bxh3 Qxh3 18. Qg2 1/2-1/2

[Event "12. Longericher Sommer-Open B"]
[Site "Köln"]
[Date "2015.08.02"]
[Round "5.3"]
[White "Sewald, Jörg"]
[Black "Liebsch, Ulrich"]
[Result "1/2-1/2"]
[WhiteElo "1565"]
[BlackElo "1659"]
[PlyCount "163"]
[EventDate "2015.??.??"]
[WhiteTeam "SF Esch"]
[BlackTeam "SC Bayer Leverkusen"]

1. g3 d5 2. Bg2 Nf6 3. b3 e5 4. Bb2 Bd6 5. d3 c6 6. h3 Be6 7. e3 Nbd7 8. Nd2
Qc7 9. Ne2 O-O 10. g4 a5 11. a3 h6 12. e4 Rfd8 13. Ng3 g6 14. f3 d4 15. h4 Nh7
16. Nc4 Bf8 17. Bc1 b5 18. Nb2 c5 19. O-O Rac8 20. f4 exf4 21. Bxf4 Bd6 22.
Bxd6 Qxd6 23. Kh2 Ne5 24. Bh3 c4 25. bxc4 bxc4 26. Qe2 cxd3 27. Nxd3 Rc3 28.
Rf2 Rdc8 29. Qd1 Nc4 30. e5 Qd7 31. Nf5 Bxf5 32. gxf5 Ne3 33. Qf3 Nxf5 34. Rg1
Kf8 35. Qf4 Rxc2 36. Bxf5 Rxf2+ 37. Qxf2 Qxf5 38. Qxd4 Rc2+ 39. Rg2 Rxg2+ 40.
Kxg2 Kg8 41. Nf2 Nf8 42. a4 Ne6 43. Qe4 Qh5 44. Ng4 Kg7 45. Nf6 Qd1 46. Ne8+
Kf8 47. Nf6 Qd2+ 48. Kh1 Qd4 49. Qa8+ Qd8 50. Qe4 Qd4 51. Qa8+ Qd8 52. Qe4 Kg7
53. Kh2 Qd4 54. Ne8+ Kf8 55. Nf6 Qxe4 56. Nxe4 g5 57. hxg5 hxg5 58. Kg3 Kg7 59.
Nd6 Nc5 60. Nc4 Nxa4 61. Nxa5 Nc5 62. Nc4 Kg6 63. Kg4 Nd3 64. Kg3 Kf5 65. Nd6+
Ke6 66. Ne4 Kf5 67. Nd6+ Kg6 68. Nc4 Kh5 69. Kf3 g4+ 70. Ke3 g3 71. Kf3 Kh4 72.
Kg2 Nf4+ 73. Kg1 Kh3 74. Ne3 Nd3 75. Nc4 g2 76. Ne3 Nf4 77. Kf2 Kh2 78. Nxg2
Nxg2 79. Kf3 Ne1+ 80. Kf4 Nd3+ 81. Kf5 Kg3 82. e6 1/2-1/2

[Event "12. Longericher Sommer-Open B"]
[Site "Köln"]
[Date "2015.08.02"]
[Round "5.4"]
[White "Plitt, Stefan"]
[Black "Beißel, Daniel"]
[Result "1-0"]
[WhiteElo "1655"]
[BlackElo "1513"]
[PlyCount "47"]
[EventDate "2015.??.??"]
[WhiteTeam "SV Grünfeld"]
[BlackTeam "SV Horrem"]

1. c4 Nf6 2. d4 e6 3. Nf3 d5 4. Nc3 c6 5. e3 Bd6 6. Bd3 O-O 7. Qc2 Nbd7 8. e4
dxe4 9. Nxe4 Bb4+ 10. Bd2 Bxd2+ 11. Nfxd2 Nxe4 12. Nxe4 Nf6 13. Nxf6+ Qxf6 14.
O-O g6 15. Be4 Qxd4 16. Rfd1 Qf6 17. Rd6 Qh4 18. Bf3 e5 19. g3 Bf5 20. Qxf5
Qxh2+ 21. Kxh2 gxf5 22. Bh5 Kg7 23. b4 Rfe8 24. Rd7 1-0

[Event "12. Longericher Sommer-Open B"]
[Site "Köln"]
[Date "2015.08.02"]
[Round "5.5"]
[White "Kürten, Lothar"]
[Black "Fischer, Bastian"]
[Result "1-0"]
[WhiteElo "1606"]
[BlackElo "1476"]
[PlyCount "127"]
[EventDate "2015.??.??"]
[WhiteTeam "SF Köln-Longerich"]
[BlackTeam "SC Vaterstetten"]

1. e4 Nc6 2. Nf3 e5 3. d4 exd4 4. c3 dxc3 5. Nxc3 Bb4 6. Bc4 Nf6 7. O-O d6 8.
Qb3 O-O 9. Nd5 Nxe4 10. Nxb4 Na5 11. Qc2 Nxc4 12. Qxe4 Nb6 13. b3 Re8 14. Qc2
a5 15. Nd3 Bf5 16. Bb2 Qd7 17. Rad1 Re7 18. Rfe1 Rae8 19. Rxe7 Rxe7 20. Qc3 f6
21. Re1 Be4 22. Qd2 Qe8 23. Nf4 a4 24. Bd4 c5 25. Bc3 axb3 26. axb3 d5 27. Ba5
g5 28. Bxb6 gxf4 29. Qxf4 Qc6 30. Bd8 Re8 31. Bxf6 Rf8 32. Qg4+ Bg6 33. Qe6+
Qxe6 34. Rxe6 Kf7 35. Ng5+ Kg8 36. Re7 Rxf6 37. Rxb7 Rd6 38. Kf1 h6 39. Nf3 Bc2
40. Ne1 Bb1 41. Ke2 Ba2 42. Nd3 c4 43. bxc4 dxc4 44. Nc1 c3 45. Nxa2 Rd2+ 46.
Ke3 Rxa2 47. Rc7 c2 48. g4 Ra3+ 49. Kf4 Rh3 50. Rxc2 Rxh2 51. Kg3 Rh1 52. Kg2
Re1 53. Rc7 Re5 54. f4 Ra5 55. Kg3 Ra3+ 56. Kh4 Ra5 57. f5 Ra6 58. Kh5 Rf6 59.
Re7 Rd6 60. Re6 Rd7 61. Rxh6 Rg7 62. Rg6 Rxg6 63. Kxg6 Kf8 64. Kh7 1-0

[Event "12. Longericher Sommer-Open B"]
[Site "Köln"]
[Date "2015.08.02"]
[Round "5.6"]
[White "Thierkopf, Constantin"]
[Black "Vjazner, Lilian"]
[Result "1-0"]
[WhiteElo "1551"]
[BlackElo "1465"]
[PlyCount "69"]
[EventDate "2015.??.??"]
[WhiteTeam "Brühler SK"]
[BlackTeam "Klub Kölner SF"]

1. e4 e5 2. Nf3 Nf6 3. Nc3 Nc6 4. Bc4 Nxe4 5. Bxf7+ Kxf7 6. Nxe4 d5 7. Ng3 Bc5
8. O-O Rf8 9. b3 Kg8 10. Nxe5 Nxe5 11. d4 Bd6 12. dxe5 Bxe5 13. Rb1 c5 14. Bb2
d4 15. Qd3 Qd5 16. c3 b6 17. cxd4 Bb7 18. f3 Bxd4+ 19. Bxd4 Qxd4+ 20. Qxd4 cxd4
21. Rfe1 Rf7 22. Re5 Rd7 23. Rd1 Kf7 24. Kf2 g6 25. b4 Ba6 26. b5 Kf6 27. Re4
Bxb5 28. Rexd4 Rxd4 29. Rxd4 Re8 30. Ne4+ Ke5 31. Ke3 Bc6 32. Rc4 Kd5 33. Kd3
Rf8 34. Nc3+ Kd6 35. Rg4 1-0

[Event "12. Longericher Sommer-Open B"]
[Site "Köln"]
[Date "2015.08.02"]
[Round "5.7"]
[White "Scheffler, Jürgen"]
[Black "Leschin, Hendrik"]
[Result "0-1"]
[WhiteElo "1297"]
[BlackElo "1699"]
[PlyCount "112"]
[EventDate "2015.??.??"]
[WhiteTeam "SC Prüm"]
[BlackTeam "SF Köln-Mülheim"]

1. d4 e6 2. c4 d5 3. Nc3 Be7 4. Nf3 Nf6 5. Bf4 O-O 6. h3 c5 7. e3 a6 8. Be2
dxc4 9. Bxc4 b5 10. Bb3 Bb7 11. O-O Nc6 12. a3 h6 13. d5 exd5 14. Nxd5 c4 15.
Nxe7+ Nxe7 16. Bc2 Qxd1 17. Bxd1 Rfd8 18. Nd4 Ng6 19. Bh2 Rac8 20. Rc1 Rc5 21.
f3 Nd5 22. Kf2 c3 23. b4 Rcc8 24. Bb3 Re8 25. e4 Ndf4 26. Rfd1 Red8 27. Rc2 Ne6
28. Bxe6 fxe6 29. e5 Bd5 30. Ne2 Bc4 31. Rxd8+ Rxd8 32. Rxc3 Rd2 33. Re3 Ra2
34. f4 Ne7 35. Kf3 Bxe2+ 36. Rxe2 Rxa3+ 37. Re3 Rxe3+ 38. Kxe3 Nd5+ 39. Kd4
Nxb4 40. Kc5 Nd3+ 41. Kb6 b4 42. Bg1 Nxf4 43. Kxa6 b3 44. Bd4 Nd3 45. Kb5 b2
46. Bxb2 Nxb2 47. Kc6 Kf7 48. Kd6 g5 49. g3 h5 50. Kc5 Nd3+ 51. Kd4 Nf2 52. h4
gxh4 53. gxh4 Kg6 54. Ke3 Ng4+ 55. Kf4 Nh6 56. Ke4 Nf5 0-1

[Event "12. Longericher Sommer-Open B"]
[Site "Köln"]
[Date "2015.08.02"]
[Round "5.8"]
[White "Margenberg, Volker"]
[Black "Havenith, Julia"]
[Result "1/2-1/2"]
[WhiteElo "1693"]
[BlackElo "1564"]
[PlyCount "46"]
[EventDate "2015.??.??"]
[WhiteTeam "SV Wiehl"]
[BlackTeam "SV Würselen"]

1. d4 Nf6 2. Nf3 g6 3. c4 d6 4. Nc3 Bg7 5. e4 O-O 6. Be2 Nbd7 7. O-O e5 8. Be3
Ng4 9. Bg5 Bf6 10. Bxf6 Ngxf6 11. d5 Nc5 12. Nd2 a5 13. f3 Nh5 14. Nb3 Nxb3 15.
axb3 Nf4 16. Qe1 f5 17. b4 c6 18. Qf2 Bd7 19. b5 cxb5 20. exf5 b4 21. Nd1 Bxf5
22. Kh1 Qg5 23. Ne3 Bd3 1/2-1/2

[Event "12. Longericher Sommer-Open B"]
[Site "Köln"]
[Date "2015.08.02"]
[Round "5.9"]
[White "Kähnert, Marc"]
[Black "Ipekyilmaz, Tayfun"]
[Result "1-0"]
[WhiteElo "1516"]
[BlackElo "1692"]
[PlyCount "161"]
[EventDate "2015.??.??"]
[WhiteTeam "SC Bayer Uerdingen"]
[BlackTeam "Langenfelder SF"]

1. Nc3 d5 2. e4 d4 3. Nce2 e5 4. d3 f5 5. exf5 Bxf5 6. Ng3 Bg6 7. Bd2 c5 8. Be2
Nc6 9. Bh5 Nf6 10. Bxg6+ hxg6 11. Qe2 Be7 12. Nf3 Qd5 13. Ne4 O-O-O 14. b3 Nh5
15. Rg1 Nf4 16. Qd1 Rdf8 17. Bxf4 exf4 18. h3 Kb8 19. Qd2 Bd8 20. Ke2 g5 21. c4
dxc3 22. Qxc3 Nd4+ 23. Nxd4 cxd4 24. Qc4 Qf5 25. f3 Bb6 26. Qb4 Rc8 27. Rac1
Rhe8 28. Qa3 Qd5 29. Rxc8+ Rxc8 30. Rc1 Qe6 31. Rc4 Bd8 32. Qd6+ Qxd6 33. Nxd6
Rxc4 34. dxc4 Be7 35. Nf5 Bf6 36. Kd3 Kc7 37. Nxd4 Kb6 38. b4 a5 39. c5+ Kc7
40. bxa5 Kd7 41. Kc4 Kc7 42. Kd5 Kd7 43. c6+ bxc6+ 44. Nxc6 Kc7 45. Kc5 Kb7 46.
a6+ Kxa6 47. Nb8+ Ka5 48. Nd7 Bc3 49. Kd5 Ka4 50. Ke4 Ka3 51. Kf5 Kxa2 52. Kxg5
Bd2 53. Nf8 Kb3 54. Ne6 Bc3 55. Kxf4 Kc4 56. Kf5 Kd5 57. f4 Kd6 58. Nf8 Ke7 59.
Ng6+ Kf7 60. h4 Kg8 61. h5 Kh7 62. g4 Kh6 63. Ne5 Bb2 64. Nf7+ Kh7 65. g5 Bc1
66. Ne5 Bd2 67. Ng6 Bc3 68. Ke6 Bd2 69. Kf7 Be3 70. Nf8+ Kh8 71. Ne6 Bd2 72.
Nxg7 Bxf4 73. g6 Be3 74. Nf5 Bh6 75. Kf6 Bf8 76. Kg5 Kg8 77. h6 Kh8 78. g7+
Bxg7 79. hxg7+ Kg8 80. Kf6 Kh7 81. Ne7 1-0

[Event "12. Longericher Sommer-Open B"]
[Site "Köln"]
[Date "2015.08.02"]
[Round "5.10"]
[White "Klemenz, Luca"]
[Black "Schwab, Wolfgang"]
[Result "1/2-1/2"]
[WhiteElo "782"]
[BlackElo "1584"]
[PlyCount "121"]
[EventDate "2015.??.??"]
[WhiteTeam "SF Esch"]
[BlackTeam "SV Turm Sankt Augustin"]

1. d4 Nf6 2. c4 c5 3. d5 b5 4. cxb5 a6 5. b6 Qxb6 6. Nc3 d6 7. e4 g6 8. Nf3 Bg7
9. Be2 O-O 10. O-O Bd7 11. Nd2 Bb5 12. Nc4 Bxc4 13. Bxc4 Nbd7 14. Be2 Rfb8 15.
Qc2 Qb4 16. a3 Qa5 17. Bd2 Qc7 18. Rfc1 Qc8 19. f3 Qb7 20. Rab1 Nb6 21. b4 Nfd7
22. bxc5 Bd4+ 23. Kf1 Bxc5 24. a4 Qc7 25. a5 Nc8 26. Rxb8 Qxb8 27. Na4 Na7 28.
Bxa6 Nb5 29. Nxc5 Nxc5 30. Bxb5 Qxb5+ 31. Qc4 Qb2 32. Qc2 Qb5+ 33. Qc4 Qb2 34.
Qc2 Qe5 35. g3 Qd4 36. Qc3 Qa4 37. Qb4 Qd7 38. Kg2 Nd3 39. Qc3 Nxc1 40. Bxc1
Rc8 41. Qb2 Qc7 42. Bd2 Qc2 43. Qd4 Qa2 44. Kh3 Rc2 45. Bc3 Rxh2+ 46. Kg4 f6
47. Qb6 Qg2 48. Kf4 g5+ 49. Ke3 Qf2+ 50. Kd3 Qxf3+ 51. Qe3 Qf1+ 52. Kd4 Qd1+
53. Qd3 Qa4+ 54. Qc4 Qd7 55. Qc6 e5+ 56. Kd3 Qg4 57. Qe8+ Kg7 58. Qe7+ Kg6 59.
Qe8+ Kh6 60. Qf8+ Kg6 61. Qg8+ 1/2-1/2

[Event "12. Longericher Sommer-Open B"]
[Site "Köln"]
[Date "2015.08.02"]
[Round "5.11"]
[White "Falge, Rainer"]
[Black "Pislaru, Marius"]
[Result "1-0"]
[WhiteElo "1572"]
[BlackElo "1556"]
[PlyCount "91"]
[EventDate "2015.??.??"]
[WhiteTeam "SG Solingen"]
[BlackTeam "SG Porz"]

1. e4 e6 2. Nc3 d5 3. exd5 exd5 4. d4 Nf6 5. Nf3 Be7 6. Be2 O-O 7. O-O c5 8.
dxc5 Bxc5 9. Bg5 Be6 10. Nb5 a6 11. Nbd4 Nc6 12. c3 h6 13. Bh4 Be7 14. Re1 Ne4
15. Nxc6 bxc6 16. Bxe7 Qxe7 17. Bd3 f5 18. Nd4 c5 19. Nxe6 Qxe6 20. f3 c4 21.
Bc2 Qb6+ 22. Qd4 Qxd4+ 23. cxd4 Nd6 24. Re5 Rab8 25. Rb1 Rb5 26. a4 Rb6 27.
Rxd5 g6 28. a5 Rc6 29. Ba4 Rc7 30. Rxd6 Kg7 31. Rxa6 c3 32. bxc3 Rxc3 33. Rb7+
Kg8 34. Raa7 Rfc8 35. Rg7+ Kh8 36. Rab7 Re3 37. Bb3 Rxb3 38. a6 Ra3 39. Rxg6
Ra2 40. Rxh6+ Kg8 41. Rg6+ Kh8 42. h4 Rd8 43. a7 Rxd4 44. Rc6 Rd1+ 45. Kh2 Rd8
46. Rb8 1-0

[Event "12. Longericher Sommer-Open B"]
[Site "Köln"]
[Date "2015.08.02"]
[Round "5.12"]
[White "Sewald, Richard"]
[Black "Toval, David"]
[Result "0-1"]
[WhiteElo "1665"]
[BlackElo "1377"]
[PlyCount "108"]
[EventDate "2015.??.??"]
[WhiteTeam "SG Porz"]
[BlackTeam "SK Münster"]

1. Nf3 Nf6 2. c4 e6 3. g3 b6 4. Bg2 Bb7 5. Nc3 Bb4 6. d3 O-O 7. O-O d6 8. a3
Bxc3 9. bxc3 Nbd7 10. Qc2 h6 11. h3 Nc5 12. e4 a5 13. Nd2 Re8 14. d4 Ncd7 15.
f4 Rc8 16. e5 Bxg2 17. Kxg2 Nh7 18. Ne4 Qe7 19. a4 Nhf8 20. Ba3 f5 21. exd6 Qf7
22. dxc7 fxe4 23. Qxe4 Nf6 24. Qb7 Qxc7 25. Qxc7 Rxc7 26. c5 bxc5 27. dxc5 N8d7
28. Rfc1 Nxc5 29. Bxc5 Rxc5 30. Rab1 Nd5 31. Rb5 Rec8 32. Rxc5 Rxc5 33. Re1 Kf7
34. Rb1 Nxc3 35. Rb7+ Kf6 36. h4 Nxa4 37. g4 Nc3 38. Kf3 a4 39. g5+ hxg5 40.
hxg5+ Kg6 41. Re7 Rc6 42. Ra7 Rc4 43. Ra6 Kf5 44. Kg3 Rxf4 45. Rxe6 Kxe6 46.
Kxf4 a3 47. Kg4 g6 48. Kf4 a2 49. Kg4 a1=Q 50. Kf4 Qe1 51. Kg4 Qf1 52. Kh4 Qg1
53. Kh3 Ne4 54. Kh4 Qg3# 0-1

[Event "12. Longericher Sommer-Open B"]
[Site "Köln"]
[Date "2015.08.02"]
[Round "5.13"]
[White "Hoferichter, Michael"]
[Black "Zimmer, Elmar"]
[Result "0-1"]
[WhiteElo "1372"]
[BlackElo "1537"]
[PlyCount "66"]
[EventDate "2015.??.??"]
[WhiteTeam "Klub Kölner SF"]
[BlackTeam "SC Kettig"]

1. d4 Nf6 2. c4 e6 3. Nc3 c5 4. Nf3 cxd4 5. Nxd4 Nc6 6. Ndb5 a6 7. Nd6+ Bxd6 8.
Qxd6 Qb6 9. e3 Qb4 10. Qd3 O-O 11. Qc2 d5 12. Bd2 Qd6 13. cxd5 exd5 14. a3 Re8
15. Be2 d4 16. exd4 Nxd4 17. Qd1 Nxe2 18. Nxe2 Qd3 19. Be3 Qb5 20. b4 Be6 21.
Rc1 Ng4 22. Nd4 Qd5 23. O-O Nxe3 24. fxe3 Qg5 25. Rf4 Bh3 26. g3 Rxe3 27. Nf3
Qe7 28. Qc2 Re2 29. Qc3 Rd8 30. g4 Rg2+ 31. Kh1 Qe2 32. Qxg7+ Kxg7 33. Rc7 Qf1+
0-1

[Event "12. Longericher Sommer-Open B"]
[Site "Köln"]
[Date "2015.08.02"]
[Round "5.14"]
[White "Gail, Edgar"]
[Black "Geitner, Alexander"]
[Result "1-0"]
[WhiteElo "1529"]
[BlackElo "1264"]
[PlyCount "79"]
[EventDate "2015.??.??"]
[WhiteTeam "Klub Kölner SF"]
[BlackTeam "Brühler SK"]

1. e4 e5 2. Nf3 Nc6 3. Bb5 Nf6 4. O-O a6 5. Ba4 d6 6. Re1 b5 7. Bb3 Be7 8. c3
Na5 9. Bc2 c5 10. d4 Bg4 11. dxe5 dxe5 12. Qxd8+ Rxd8 13. Nxe5 Bh5 14. Bg5 O-O
15. Nd2 h6 16. Be3 Rfe8 17. f4 Nd7 18. Nef3 f6 19. Bd3 c4 20. Be2 Bf7 21. Nd4
Bc5 22. Bf3 Bxd4 23. Bxd4 Nc6 24. Be3 Ne7 25. Rad1 g6 26. Nf1 g5 27. fxg5 hxg5
28. Rd6 Kg7 29. Red1 Ra8 30. Rxd7 a5 31. Bc5 b4 32. e5 Ra6 33. Bxe7 fxe5 34.
Bxg5 e4 35. Bh5 Rf8 36. Ne3 Kg8 37. Bxf7+ Rxf7 38. Rxf7 Kxf7 39. Nxc4 Kg6 40.
Be3 1-0

[Event "12. Longericher Sommer-Open B"]
[Site "Köln"]
[Date "2015.08.02"]
[Round "5.16"]
[White "Radovinski, Jewgeni"]
[Black "Mennicken, Leonardo"]
[Result "1-0"]
[WhiteElo "1500"]
[BlackElo "1179"]
[PlyCount "59"]
[EventDate "2015.??.??"]
[WhiteTeam "SG Porz"]
[BlackTeam "Klub Kölner SF"]

1. e4 e5 2. Nf3 Nc6 3. d4 f6 4. dxe5 fxe5 5. Bc4 Nf6 6. Ng5 d5 7. exd5 Na5 8.
Bb5+ Bd7 9. Qe2 Bxb5 10. Qxb5+ c6 11. dxc6 bxc6 12. Qxe5+ Qe7 13. Qxe7+ Bxe7
14. Nc3 O-O 15. O-O Rfe8 16. Bf4 Rad8 17. Bc7 Nc4 18. Bxd8 Rxd8 19. Rfe1 Bc5
20. Ne6 Be7 21. Nxd8 Bxd8 22. Ne4 Nxb2 23. Rab1 Nxe4 24. Rxe4 Bf6 25. Rb4 c5
26. R4xb2 Bxb2 27. Rxb2 Kf7 28. Rb7+ Kf6 29. Rxa7 h5 30. Rc7 1-0

[Event "12. Longericher Sommer-Open B"]
[Site "Köln"]
[Date "2015.08.02"]
[Round "5.17"]
[White "Mohammadi Nia, Borna"]
[Black "Klein, Andreas"]
[Result "0-1"]
[WhiteElo "1190"]
[BlackElo "1483"]
[PlyCount "44"]
[EventDate "2015.??.??"]
[WhiteTeam "DJK Aufwärts Aachen"]
[BlackTeam "Klub Kölner SF"]

1. e4 e6 2. d4 d5 3. e5 c5 4. c3 Nc6 5. Nf3 Qb6 6. Bd3 Bd7 7. Bc2 cxd4 8. cxd4
Nb4 9. Ba4 Bxa4 10. Qxa4+ Qc6 11. Qxc6+ Nxc6 12. Bd2 Nge7 13. O-O Nf5 14. Bc3
Be7 15. Nbd2 O-O 16. a3 Rac8 17. Rac1 Rc7 18. Rc2 Ncxd4 19. Nxd4 Nxd4 20. Rcc1
Ne2+ 21. Kh1 Nxc1 22. Rxc1 d4 0-1

[Event "12. Longericher Sommer-Open B"]
[Site "Köln"]
[Date "2015.08.02"]
[Round "5.18"]
[White "Mag, Martina"]
[Black "Kühlwein, Ralf"]
[Result "0-1"]
[WhiteElo "1051"]
[BlackElo "1412"]
[PlyCount "76"]
[EventDate "2015.??.??"]
[WhiteTeam "Ford SF Köln"]
[BlackTeam "Klub Kölner SF"]

1. e4 c5 2. Nc3 Nc6 3. f4 g6 4. Nf3 Bg7 5. Bb5 Nd4 6. O-O Nxb5 7. Nxb5 a6 8.
Nc3 b5 9. a3 Bb7 10. d3 Nf6 11. Re1 O-O 12. Rb1 d6 13. Bd2 Nd7 14. Re2 Nb6 15.
b3 Qd7 16. Qf1 a5 17. a4 b4 18. Nd1 d5 19. e5 c4 20. d4 cxb3 21. cxb3 e6 22.
Rc1 Rac8 23. Be3 Rxc1 24. Bxc1 Ba6 25. Ne3 Bxe2 26. Qxe2 f6 27. Ng4 fxe5 28.
Ngxe5 Qc7 29. Bd2 Qc2 30. Qb5 Bxe5 31. Qxb6 Bxf4 32. Qxe6+ Kg7 33. Bxf4 Rxf4
34. Qe5+ Rf6 35. Qe7+ Rf7 36. Ne5 Rxe7 37. h4 Qd1+ 38. Kh2 Qxd4 0-1

[Event "12. Longericher Sommer-Open B"]
[Site "Köln"]
[Date "2015.08.02"]
[Round "5.21"]
[White "Kissmer, Werner"]
[Black "Ipekyilmaz, Mert"]
[Result "1/2-1/2"]
[WhiteElo "1159"]
[BlackElo "1205"]
[PlyCount "46"]
[EventDate "2015.??.??"]
[WhiteTeam "SV Turm Sankt Augustin"]
[BlackTeam "Langenfelder SF"]

1. Nf3 d5 2. d4 Nf6 3. e3 e6 4. a3 c5 5. Bb5+ Bd7 6. Bxd7+ Nbxd7 7. O-O Qc7 8.
Nc3 Be7 9. h3 O-O 10. Rb1 cxd4 11. Nxd4 a6 12. Bd2 Nc5 13. f4 Nce4 14. Nxe4
Nxe4 15. Be1 Rac8 16. c3 Bd6 17. g3 Qe7 18. Rf3 Bc5 19. Nb3 Qf6 20. Nxc5 Nxc5
21. g4 Rfd8 22. Qd4 Qxd4 23. exd4 Ne4 1/2-1/2

[Event "12. Longericher Sommer-Open B"]
[Site "Köln"]
[Date "2015.08.02"]
[Round "5.22"]
[White "Schelwat, Arno"]
[Black "Köllner, Felicitas Ophelia"]
[Result "0-1"]
[WhiteElo "758"]
[BlackElo "1337"]
[PlyCount "40"]
[EventDate "2015.??.??"]
[WhiteTeam "Brühler SK"]
[BlackTeam "SV Bergneustadt/Derschlag"]

1. e4 d6 2. Nf3 Nf6 3. Bb5+ c6 4. Be2 Nxe4 5. O-O e5 6. d3 Nf6 7. h3 Be7 8. Bg5
O-O 9. Nc3 Nbd7 10. d4 e4 11. Nd2 d5 12. a3 Qb6 13. Na4 Qxd4 14. Nc3 Qe5 15.
Bxf6 Nxf6 16. f4 Qd4+ 17. Kh1 Qb6 18. Na4 Qc7 19. Bg4 Nxg4 20. hxg4 Qd6 0-1

[Event "12. Longericher Sommer-Open B"]
[Site "Köln"]
[Date "2015.08.02"]
[Round "5.23"]
[White "Baltic, Sara"]
[Black "Wilde, Christian"]
[Result "1/2-1/2"]
[WhiteElo "1005"]
[BlackElo "1157"]
[PlyCount "39"]
[EventDate "2015.??.??"]
[WhiteTeam "SG Porz"]
[BlackTeam "SF Köln-Longerich"]

1. Nf3 Nc6 2. d4 d5 3. g3 Nf6 4. Bg2 Bg4 5. O-O Bxf3 6. Bxf3 e5 7. dxe5 Nxe5 8.
Bg2 Be7 9. Bg5 c6 10. c3 O-O 11. Qc2 Nfd7 12. Bxe7 Qxe7 13. e4 dxe4 14. Bxe4
Nf6 15. Nd2 Nxe4 16. Qxe4 f5 17. Qe3 Qf6 18. Rfe1 Rfe8 19. Re2 b5 20. Rae1
1/2-1/2